Descriptive anatomy of the human teeth. (5th ed.) (Record no. 31243)

MARC details
000 -LEADER
fixed length control field 00678nam a2200181 a 4500
008 - FIXED-LENGTH DATA ELEMENTS--GENERAL INFORMATION
fixed length control field 110930s1902 ||||||||||||||||| || u
050 ## - LIBRARY OF CONGRESS CALL NUMBER
Classification number QM 311 Bla
100 ## - MAIN ENTRY--PERSONAL NAME
Personal name Black, G. V
245 10 - TITLE STATEMENT
Title Descriptive anatomy of the human teeth. (5th ed.)
250 ## - EDITION STATEMENT
Edition statement 5th ed.
260 ## - PUBLICATION, DISTRIBUTION, ETC.
Place of publication, distribution, etc. Philadelphia:
Name of publisher, distributor, etc. S. S. White Dental Manufacturing Company
Date of publication, distribution, etc. 1902
300 ## - PHYSICAL DESCRIPTION
Extent xviii, 169p.: ill.
350 ## -
-- 0.00
650 ## - SUBJECT ADDED ENTRY--TOPICAL TERM
Topical term or geographic name entry element MOUTH--ANATOMY
650 ## - SUBJECT ADDED ENTRY--TOPICAL TERM
Topical term or geographic name entry element TEETH--ANATOMY
650 #0 - SUBJECT ADDED ENTRY--TOPICAL TERM
Topical term or geographic name entry element DENTISTRY--ATLASES
995 ## -
-- MEDICAL LIBRARY OPEN ACCESS
-- 0.00
-- 901427
-- CBU-SCHOOL OF MEDICINE LIBRARY (Ndola)
-- 1
-- 0.00
-- QM 311 Bla
-- 1
-- AVAILABLE
-- Dec 7, 2011
-- 901427
-- Medical Library Open Access Collection
999 ## -
-- 31243
-- 31243
Holdings
Withdrawn status Lost status Source of classification or shelving scheme Damaged status Not for loan Permanent Location Current Location Shelving location Date acquired Total Checkouts Full call number Barcode Date last seen Price effective from Koha item type
          CBU-SCHOOL OF MEDICINE LIBRARY, NDOLA. CBU-SCHOOL OF MEDICINE LIBRARY, NDOLA.   11/30/2022   QM 311 Bla 901427 11/30/2022 11/30/2022 MONOGRAPH